000 01208nam0a2200313 i 4500
001 RU\NLR\BIBL_A\011117481
005 20240921101428.0
021 _aRU
_b2016-29911
_91929
035 _a(NILC)RuMoRGB-008277948
035 _a(NLR Aleph) 011117481
090 _a11500557
_c11500557
100 _a20160428d2015 km y0rusy50 ca
101 0 _aund
_arus
102 _aRU
105 _aa|||z||||01yy
200 1 _aИнновационные инструменты управления воспроизводством основных средств
_eмонография
_fР. Г. Абакумов
210 _aБелгород
_cИзд-во БГТУ
_d2015
215 _a143 с.
_cил.
_d20
320 _aБиблиогр.: с. 135-141 (94 гнз.)
606 1 _aОсновные средства
_xВоспроизводство
_xУправление
_92104194
_3RU\NLR\AUTH\661575927
675 _a330.142.211
686 1 _aУ9(2)-571.1-96
700 1 _aАбакумов
_bР. Г.
_gРоман Григорьевич
801 0 _aRU
_bRuMoRKP
_c20160412
_gRCR
801 2 _aRU
_bРГБ
_c20160415
_grcr
942 _cBOOK
980 _aNBR